| LEADER 00000nam 2200000uu 4500 |
| 001 13399123904 |
| 003 BCNT |
| 008 260701s||||||||th 000 0 tha d |
| 020 9786165931885
|
| 040 BCNT
|
| 050 4 WY159 ณ259ก 2568
|
| 060 4 WY159 ณ259ก 2568
|
| 100 0 ^aณัชนันท์ ชีวานนท์.
|
| 245 1 ^aการพยาบาลทารกแรกเกิดน้ำหนักน้อย/ณัชนันท์ ชีวานนท์.
|
| 246 3 ^aNursing care of low birth weight infants.
|
| 250 ^aพิมพ์ครั้งที่ 3.
|
| 260 ^aชลบุรี :^bคณะพยาบาลศาสตร์ มหาวิทยาลัยบูรพา, ^c2568.
|
| 300 ^aก-ช, 227 หน้า :^bภาพประกอบ ;^c25 ซม.
|
| 610 ^aพยาบาลศาสตร์.
|
| 650 ^aทารกแรกเกิด^xการพยาบาล
|
| 653 aคณะพยาบาลศาสตร์^aสาขาวิชาพยาบาลศาสตร์.
|
| 655 4 ^aHealth Sciences Branch.
|
| 658 ^aคณะพยาบาลศาสตร์.
|
| 695 ^aHealth Sciences.
|
| 710 2 ^aมหาวิทยาลัยบูรพา.^bคณะพยาบาลศาสตร์
|
| 999 ^aparamin
|